Aktuálne problémy rozpočtu nižšej vládnej úrovne na príklade mesta Stará Ľubovňa bakalárska práca

Gespeichert in:
Bibliographische Detailangaben
1. Verfasser: Lapšanská, Dominika
Körperschaft: Národohospodárska fakulta EU. Katedra verejnej správy a regionálneho rozvoja
Weitere Verfasser: Beličková, Kornélia, 1966-
Format: Buch
Sprache:Slowakisch
Veröffentlicht: Bratislava 2015
Tags: Tag hinzufügen
Keine Tags, Fügen Sie das erste Tag hinzu!

MARC

LEADER 00000nbm a2200000 4500
001 0204911
005 20161212094808.5
041 0 |a slo 
044 |a SK 
245 1 0 |a Aktuálne problémy rozpočtu nižšej vládnej úrovne na príklade mesta Stará Ľubovňa  |b bakalárska práca  |c Dominika Lapšanská ; školiteľ: Kornélia Beličková 
264 1 |a Bratislava  |c 2015 
300 |a 54 s. 
100 1 |a Lapšanská, Dominika 
700 1 |a Beličková, Kornélia, 1966- 
710 2 |a Národohospodárska fakulta EU. Katedra verejnej správy a regionálneho rozvoja